[Event "Aegean Open"]
[Site "Ikaros GRE"]
[Date "2001.07.13"]
[Round "7"]
[White "Bezemer,A"]
[Black "Potapov,A1"]
[Result "1/2-1/2"]
[WhiteElo "2296"]
[BlackElo "2505"]

1.e4 e5 2.Nf3 Nc6 3.Bb5 a6 4.Ba4 Nf6 5.O-O b5 6.Bb3 Bb7 7.Re1 Bc5 8.c3 d6
9.d4 Bb6 10.Be3 h6 11.h3 O-O 12.Nbd2 Re8 13.d5 Ne7 14.Bc2 c6 15.dxc6 Bxc6
16.a4 Bc7 17.Qb1 Qd7 18.axb5 axb5 19.Rxa8 Rxa8 20.b4 g5 21.Nh2 Nh5 22.Bd1 Nf4
23.Bg4 Qd8 24.h4 Ra3 25.hxg5 hxg5 26.g3 Qa8 27.f3 Rxc3 28.Ndf1 Nd3 29.Rd1 Qa3
30.Bxg5 Bb6+ 31.Kg2 Rb3 32.Rxd3 Rxd3 33.Bxe7 Qc3 34.Bf5 Rd4 35.Ng4 Rxb4 36.Qd1 Rd4
37.Qe2 Qd3 38.Qa2 Rc4 39.Nf6+ Kg7 40.Nh5+ Kh6 41.g4 Rc2+ 42.Qxc2 Qxc2+ 43.Kh3 Bf2
44.Nh2 Qe2 45.Bxd6 Bg1 46.Bf8+  1/2-1/2

[Event "Tan Lian Ann cup"]
[Site "Tianjin CHN"]
[Date "2001.07.21"]
[Round "7"]
[White "Yu Shaoteng"]
[Black "Petronic,J"]
[Result "1/2-1/2"]
[WhiteElo "2517"]
[BlackElo "2389"]

1.e4 e5 2.Nf3 Nc6 3.Bb5 a6 4.Ba4 Nf6 5.O-O b5 6.Bb3 Bb7 7.Re1 Bc5 8.c3 d6
9.d4 Bb6 10.Be3 O-O 11.Nbd2 h6 12.h3 Qd7 13.dxe5 dxe5 14.Bxb6 cxb6 15.Nf1 Qxd1
16.Raxd1 Rad8 17.Ng3 g6 18.Bd5 Nxd5 19.exd5 Na5 20.Rxe5 Nc4 21.Re2 Bxd5 22.Nd4 Na5
23.a3 Nb3 24.Nxb3 Bxb3 25.Rxd8 Rxd8 26.Ne4 Rd1+ 27.Kh2 f5 28.Nd2 Bd5 29.f4 Kf7
30.h4 h5  1/2-1/2

[Event "ch-Paris Open"]
[Site "Paris FRA"]
[Date "2001.07.25"]
[Round "5"]
[White "Timoshenko,G"]
[Black "Van de Oudeweetering,A"]
[Result "1/2-1/2"]
[WhiteElo "2554"]
[BlackElo "2409"]

1.e4 e5 2.Nf3 Nc6 3.Bb5 a6 4.Ba4 Nf6 5.O-O b5 6.Bb3 Bb7 7.Qe2 Bc5 8.c3 d6
9.d3 h6 10.Rd1 Bb6 11.Nbd2 O-O 12.Nf1 Ne7 13.Nh4 Bc8 14.h3 Be6 15.d4 Bxb3
16.axb3 exd4 17.cxd4 d5 18.e5 Ne4 19.f3 Ng5 20.f4 Ne6 21.Be3 Ng6 22.Nxg6 fxg6
23.g3 Qd7 24.Qd3 Rf5 25.Nh2 Raf8 26.Rxa6 g5 27.Ra8 Rxa8 28.Qxf5 Rf8 29.Qg4 gxf4
30.gxf4 Qf7 31.Kh1 Qf5 32.Qxf5 Rxf5 33.Nf1 Nxf4 34.Ng3 Rf8 35.Kh2 Ne6 36.Kg2 Kh7
37.Ne2 Ra8 38.Nc3 c6 39.Kf3 g5 40.Ne2 Kg6 41.Rc1 Rc8 42.Ra1 Rf8+ 43.Kg2 h5
44.Rc1 Rc8 45.Rf1 Rf8 46.Rc1 Rc8 47.Rf1  1/2-1/2

[Event "Keres Mem Open"]
[Site "Tallinn EST"]
[Date "2001.07.26"]
[Round "2"]
[White "Karjakin,Sergei"]
[Black "Prakken,G"]
[Result "0-1"]
[WhiteElo "2171"]
[BlackElo "2345"]

1.e4 e5 2.Nf3 Nc6 3.Bb5 a6 4.Ba4 Nf6 5.O-O b5 6.Bb3 Bb7 7.c3 Nxe4 8.d4 exd4
9.Re1 Na5 10.Ng5 d5 11.Rxe4+ dxe4 12.Nxf7 Qf6 13.Bg5 Qf5 14.Nxh8 Nxb3 15.axb3 Qxg5
16.h4 Qf5 17.cxd4 Bd6 18.d5 O-O-O 19.Qd4 Rxh8 20.Nc3 Qe5  0-1

[Event "Keres Mem Open"]
[Site "Tallinn EST"]
[Date "2001.07.27"]
[Round "4"]
[White "Rogovoi,M"]
[Black "Prakken,G"]
[Result "1/2-1/2"]
[WhiteElo "2220"]
[BlackElo "2345"]

1.e4 e5 2.Nf3 Nc6 3.Bb5 a6 4.Ba4 Nf6 5.O-O b5 6.Bb3 Bb7 7.Re1 Bc5 8.c3 d6
9.d4 Bb6 10.a4 h6 11.d5 Ne7 12.c4 bxc4 13.Bxc4 O-O 14.Be3 Bxe3 15.Rxe3 c6
16.dxc6 Bxc6 17.Nc3 Qb8 18.Qb1 Qb4 19.Qa2 Rab8 20.Bxa6 Nxe4 21.Bb5 Ba8 22.Nxe4 Bxe4
23.Qa3 Qxa3 24.Raxa3 Ba8 25.Rec3 Nf5 26.Bd7 Ne7 27.Rab3 Nd5 28.Rxb8 Rxb8
29.Rc2 Kf8 30.a5 Ke7 31.Ba4 Nb4 32.Rc7+ Kf6 33.Nd2 Nd3 34.b3 Nc5 35.Bc6 Bxc6
36.Rxc6 Nxb3 37.Rxd6+ Ke7 38.Rb6 Rd8 39.Rxb3 Rxd2 40.g3 Ra2  1/2-1/2

[Event "Keres Mem Open"]
[Site "Tallinn EST"]
[Date "2001.07.28"]
[Round "6"]
[White "Krupenski,I"]
[Black "Prakken,G"]
[Result "0-1"]
[WhiteElo "2226"]
[BlackElo "2345"]

1.e4 e5 2.Nf3 Nc6 3.Bb5 a6 4.Ba4 Nf6 5.O-O b5 6.Bb3 Bb7 7.Re1 Bc5 8.c3 d6
9.d4 Bb6 10.Bg5 h6 11.Bh4 g5 12.Bg3 O-O 13.dxe5 dxe5 14.Qc1 Nh5 15.Nxe5 Nxg3
16.Nxc6 Bxc6 17.hxg3 Qd3 18.Qd2 Qxg3 19.Bd5 Rad8 20.Na3 Bxd5 21.exd5 Rxd5
22.Qe2 Rf5 23.Rf1 Rf4  0-1

[Event "Lost Boys Open"]
[Site "Amsterdam NED"]
[Date "2001.08.16"]
[Round "6"]
[White "Stellwagen,D"]
[Black "Van der Wiel,J"]
[Result "1/2-1/2"]
[WhiteElo "2337"]
[BlackElo "2498"]

1.e4 e5 2.Nf3 Nc6 3.Bb5 a6 4.Ba4 Nf6 5.O-O b5 6.Bb3 Bb7 7.c3 Nxe4 8.d4 Na5
9.Nxe5 Nxb3 10.Qxb3 Nd6 11.Bf4 Be7 12.a4 O-O 13.Na3 Bg5 14.Bg3 Ne4 15.Nf3 Rb8
16.axb5 axb5 17.d5 d6 18.Qd1 f5 19.h3 f4 20.Bh2 Rf5 21.Nxb5 Bxd5 22.Nbd4 Rf7
23.Qc2 Qf6  1/2-1/2

[Event "Lost Boys Open"]
[Site "Amsterdam NED"]
[Date "2001.08.19"]
[Round "9"]
[White "Vedder,R"]
[Black "Peelen,P"]
[Result "1-0"]
[WhiteElo "2220"]
[BlackElo "2359"]

1.e4 e5 2.Nf3 Nc6 3.Bb5 a6 4.Ba4 Nf6 5.O-O b5 6.Bb3 Bb7 7.Re1 Bc5 8.c3 d6
9.d3 Bb6 10.h3 h6 11.Nbd2 O-O 12.Nf1 Nh5 13.Ne3 Nf4 14.Nf5 Ne7 15.Bxf4 exf4
16.N3h4 Nxf5 17.Nxf5 Kh7 18.Qf3 g6 19.Nd4 Qg5 20.Bd5 Bxd5 21.exd5 Bxd4 22.cxd4 Rae8
23.Kf1 b4 24.Rac1 Rxe1+ 25.Rxe1 Rd8 26.g3 Kg7 27.gxf4 Qf6 28.Qe4 Kf8 29.Kg2 Rb8
30.Kg3 h5 31.Re2 Rd8 32.Qe3 Rb8 33.Qc1 h4+ 34.Kh2 Qxd4 35.f5 Kg7 36.fxg6 Re8
37.Rxe8 Qxf2+ 38.Kh1 Qf3+ 39.Kg1 Qg3+ 40.Kf1 Qxd3+  1-0

[Event "6th San Agustin Open"]
[Site "Aviles ESP"]
[Date "2001.08.19"]
[Round "2"]
[White "Vega Gutierrez,B"]
[Black "Jakubowski,K"]
[Result "0-1"]
[WhiteElo "2053"]
[BlackElo "2376"]

1.e4 e5 2.Nf3 Nc6 3.Bb5 a6 4.Ba4 Nf6 5.O-O b5 6.Bb3 Bb7 7.c3 Nxe4 8.d4 exd4
9.Re1 Na5 10.Ng5 d5 11.Rxe4+ dxe4 12.Nxf7 Qf6 13.Nxh8 Nxb3 14.Qxb3 Bc5 15.Qf7+ Qxf7
16.Nxf7 Kxf7 17.Bf4 e3 18.fxe3 dxe3 19.Kf1 Rd8 20.Bxc7 Rd1+ 21.Ke2 Rg1  0-1

[Event "Canadian Closed"]
[Site "Montreal CAN"]
[Date "2001.08.21"]
[Round "1"]
[White "Saint Amand,P"]
[Black "Khassanov,M"]
[Result "0-1"]
[WhiteElo "2208"]
[BlackElo "2363"]

1.e4 e5 2.Nf3 Nc6 3.Bb5 a6 4.Ba4 Nf6 5.O-O b5 6.Bb3 Bb7 7.c3 Be7 8.Re1 O-O
9.d4 d6 10.Nbd2 h6 11.Nf1 Re8 12.Ng3 Bf8 13.Bc2 g6 14.b3 Bg7 15.d5 Nb8 16.Be3 c6
17.c4 Qc7 18.Qd2 Ng4 19.Nf1 Nd7 20.dxc6 Bxc6 21.h3 Nxe3 22.Nxe3 Nf6 23.Nd5 Nxd5
24.cxd5 Bd7 25.Rac1 Qb6 26.Bd3 Kh7 27.Rc2 f6 28.Qe3 Qd8 29.Nd2 h5 30.f3 Bh6
31.Qf2 Qb8 32.Rec1 Rc8 33.Rxc8 Bxc8 34.Rc2 Bd7 35.Nf1 Qb7 36.Ne3 Rf8 37.Nd1 f5
38.Qe2 f4 39.Nf2 Bg5 40.Nd1 Bd8 41.Kh2 Bb6 42.Qd2 Rc8 43.Rxc8 Qxc8 44.Qc2 Qd8
45.Qe2 Qh4 46.Nb2 Bd4 47.Kh1 Bxh3 48.gxh3 Qxh3+ 49.Qh2 Qxf3+ 50.Qg2 Qxg2+
51.Kxg2 Bxb2 52.a4 bxa4  0-1

[Event "9th Open"]
[Site "Nikea GRE"]
[Date "2001.08.22"]
[Round "5"]
[White "Fercec,N"]
[Black "Potapov,A1"]
[Result "0-1"]
[WhiteElo "2456"]
[BlackElo "2505"]

1.e4 e5 2.Nf3 Nc6 3.Bb5 a6 4.Ba4 Nf6 5.O-O b5 6.Bb3 Bb7 7.d3 Bd6 8.c3 O-O
9.Re1 Re8 10.Nbd2 Bf8 11.Nf1 Na5 12.Bc2 c5 13.Bg5 h6 14.Bh4 g6 15.Ne3 Bg7
16.h3 Qb8 17.Nh2 Qd6 18.a3 Bc6 19.b4 Nb7 20.Bb3 a5 21.Qf3 c4 22.Bxf6 cxb3
23.Bxg7 Kxg7 24.Rab1 a4 25.h4 h5 26.Qg3 Qf6 27.Rf1 Qf4 28.Qh3 Nd8 29.g3 Qf6
30.g4 Ne6 31.g5 Qd8 32.Ng2 d5 33.Qg3 dxe4 34.Qxe5+ f6 35.gxf6+ Qxf6 36.Qxf6+ Kxf6
37.d4 Rac8 38.f3 Kg7 39.f4 e3 40.Nxe3 Nxd4 41.Kf2 Rxe3 42.Kxe3 Nc2+ 43.Kf2 Nxa3
44.Rbe1 b2 45.f5 Rf8  0-1

[Event "Rubinstein Open"]
[Site "Polanica Zdroj POL"]
[Date "2001.08.22"]
[Round "7"]
[White "Frackowiak,S"]
[Black "Szajda,M"]
[Result "1-0"]
[WhiteElo "2127"]
[BlackElo "2102"]

1.e4 e5 2.Nf3 Nc6 3.Bb5 a6 4.Ba4 b5 5.Bb3 Nf6 6.O-O Bb7 7.d3 d6 8.c3 Be7
9.Re1 Na5 10.Bc2 c5 11.Nbd2 O-O 12.Nf1 Ne8 13.d4 Nc6 14.dxc5 dxc5 15.Qe2 Nc7
16.Ne3 Bf6 17.Nf5 Ne6 18.a4 c4 19.axb5 axb5 20.Rxa8 Qxa8  1-0

[Event "IV Pyramiden-Franken"]
[Site "Fuerth GER"]
[Date "2001.08.25"]
[Round "8"]
[White "Schunk,E"]
[Black "Hector,J"]
[Result "0-1"]
[WhiteElo "2277"]
[BlackElo "2552"]

1.e4 e5 2.Nf3 Nc6 3.Bb5 a6 4.Ba4 Nf6 5.O-O b5 6.Bb3 Bb7 7.d3 Bc5 8.a4 d6
9.c3 h6 10.axb5 axb5 11.Rxa8 Qxa8 12.Nh4 Ne7 13.Qf3 Bc8 14.h3 Be6 15.Nd2 Bb6
16.g4 Nh7 17.Nf5 Nxf5 18.gxf5 Bxb3 19.Nxb3 Qa4 20.Qd1 g6 21.fxg6 Rg8 22.Be3 Rxg6+
23.Kh2 Bxe3 24.fxe3 Rf6 25.Nd2 Qa2 26.Rxf6 Nxf6 27.Qb1 Qa7 28.Nf1 c6 29.Qd1 Nd7
30.Qe2 Qa2 31.Qg2 Nc5 32.Qg8+ Ke7 33.Ng3 Qxb2+ 34.Kh1 Qb1+ 35.Kh2 Qa2+ 36.Kh1 Nxd3
37.Qc8 Qb1+ 38.Kh2 Qc2+ 39.Kh1 Qd1+ 40.Kh2 Qd2+ 41.Kh1 Qe1+ 42.Kg2 Qf2+ 43.Kh1 Qxg3
44.Qc7+ Ke6 45.Qc8+ Kf6 46.Qh8+ Ke7  0-1

[Event "Schwarzach Open A"]
[Site "Salzburg AUT"]
[Date "2001.08.30"]
[Round "6"]
[White "Balinov,I"]
[Black "Hiermann,D"]
[Result "1-0"]
[WhiteElo "2425"]
[BlackElo "2294"]

1.e4 e5 2.Nf3 Nc6 3.Bb5 a6 4.Ba4 Nf6 5.O-O b5 6.Bb3 Bb7 7.Re1 Bc5 8.c3 d6
9.d4 Bb6 10.Be3 exd4 11.cxd4 O-O 12.Nbd2 h6 13.h3 Re8 14.Qb1 Re7 15.a3 Qd7
16.Bc2 Rae8 17.d5 Ne5 18.Nd4 g6 19.Qd1 Nc4 20.Nxc4 bxc4 21.Ba4 Qc8 22.Bxe8 Qxe8
23.f3 Bxd5 24.Nc2 Bxe3+ 25.Nxe3 Be6 26.Qd4 Nh5 27.Nxc4 Qb5 28.Ne3 Qg5 29.Ng4 f5
30.h4 Qxh4 31.exf5 Ng3 32.Nf6+  1-0

[Event "ch-Africa"]
[Site "Cairo EGY"]
[Date "2001.09.17"]
[Round "2"]
[White "Bouaziz,S"]
[Black "Malupande,L"]
[Result "1/2-1/2"]
[WhiteElo "2379"]
[BlackElo "2338"]

1.e4 e5 2.Nf3 Nc6 3.Bb5 a6 4.Ba4 Nf6 5.O-O b5 6.Bb3 Bb7 7.c3 Be7 8.Re1 O-O
9.d4 d6 10.Nbd2 Nd7 11.Nf1 Bf6 12.Bc2 Re8 13.Ng3 g6 14.a4 Na5 15.axb5 axb5
16.Bd3 exd4 17.cxd4 b4 18.Bf4 Nc6  1/2-1/2

[Event "ch-Africa"]
[Site "Cairo EGY"]
[Date "2001.09.19"]
[Round "4"]
[White "El Taher,F"]
[Black "Malupande,L"]
[Result "1-0"]
[WhiteElo "2477"]
[BlackElo "2338"]

1.e4 e5 2.Nf3 Nc6 3.Bb5 a6 4.Ba4 Nf6 5.O-O b5 6.Bb3 Bb7 7.c3 Be7 8.Re1 O-O
9.d4 d6 10.Nbd2 Nd7 11.Nf1 Na5 12.Bc2 c5 13.Ne3 Re8 14.Nf5 Bf8 15.h3 cxd4
16.cxd4 Qc7 17.d5 Rac8 18.Bd3 Nc4 19.b3 Ncb6 20.Bd2 Nc5 21.Rc1 Qd8 22.Bc2 h6
23.Nh2 Ncd7 24.Qf3 Kh7 25.Bd3 g6 26.Nxh6 Bxh6 27.Bxh6 Kxh6 28.Qxf7 Qe7 29.Ng4+ Kg5
30.h4+ Kh5 31.Be2 Qxf7 32.Nxe5+ Kh6 33.Nxf7+ Kg7 34.Nxd6 Rb8 35.Rc7 Ba8 36.Nxe8+ Rxe8
37.Bg4 Re7 38.d6 Rf7 39.e5 Nf8 40.e6  1-0

[Event "ECC"]
[Site "Panormo GRE"]
[Date "2001.09.28"]
[Round "6"]
[White "Kindermann,S"]
[Black "Santos,CP"]
[Result "0-1"]
[WhiteElo "2520"]
[BlackElo "2423"]

1.e4 e5 2.Nf3 Nc6 3.Bb5 a6 4.Ba4 Nf6 5.O-O b5 6.Bb3 Bb7 7.d3 Bd6 8.a4 O-O
9.Bg5 Be7 10.Na3 b4 11.Nc4 d6 12.a5 Nd7 13.Bxe7 Nxe7 14.Ne3 Rb8 15.Nd2 Nc5
16.Bc4 Kh8 17.f4 d5 18.exd5 Nxd5 19.Nxd5 Bxd5 20.fxe5 Bxc4 21.Nxc4 b3 22.Rf3 bxc2
23.Qxc2 Nb3 24.Raf1 Nd4 25.Qf2 Nxf3+ 26.Qxf3 Rb3 27.e6 Rxd3 28.Qf2 Qd4 29.Qxd4 Rxd4
30.Ne5 f6 31.Nc6 Rd6 32.e7 Re8 33.Rc1 Kg8 34.b4 Kf7 35.b5 axb5 36.a6 Ra8
37.a7 Rxc6 38.Rxc6 Rxa7 39.Re6 Ke8  0-1

[Event "Chigorin Mem Open"]
[Site "St Petersburg RUS"]
[Date "2001.10.02"]
[Round "8"]
[White "Feoktistov,A"]
[Black "Solovjov,S"]
[Result "0-1"]
[WhiteElo "2363"]
[BlackElo "2497"]

1.e4 e5 2.Nf3 Nc6 3.Bb5 a6 4.Ba4 Nf6 5.O-O b5 6.Bb3 Bb7 7.Re1 Bc5 8.c3 d6
9.d4 Bb6 10.a4 h6 11.Na3 O-O 12.d5 Ne7 13.Be3 Bxe3 14.Rxe3 c6 15.dxc6 Bxc6
16.Nd2 Ng6 17.axb5 axb5 18.Nc2 d5 19.Rxa8 Qxa8 20.Nb4 Bb7 21.Nxd5 Nxd5 22.exd5 Bxd5
23.g3 Kh7 24.Bxd5 Qxd5 25.Qe2 f5 26.Nf3 e4 27.Nd4 b4 28.Qb5 Qa2 29.Re1 Qxb2
30.Qxb4 Qd2 31.Ra1 Rf6 32.Qb3 e3 33.Qc2 exf2+ 34.Kf1 Qe3 35.Qxf2 Qxc3 36.Re1 f4
37.g4 Qh3+ 38.Kg1 Qxg4+ 39.Qg2 Qd7 40.Nf3 Nf8 41.Kh1 Qc6 42.Nd4 Qxg2+ 43.Kxg2 g5
44.h4 g4 45.h5 Rf7 46.Re4 Nd7 47.Ne6 f3+ 48.Kf1 g3 49.Rg4 g2+ 50.Kf2 Ne5
51.Rd4 Ra7 52.Rd1 Ra2+ 53.Kg3 Kg8 54.Nf4 Kg7 55.Nh3 Kf6 56.Rb1 Kf5 57.Nf2 Ra8
58.Nh3 Rg8+ 59.Kh2 f2  0-1

[Event "TCh-RUS Siberian Zone"]
[Site "Omsk RUS"]
[Date "2001.10.05"]
[Round "1"]
[White "Drozdov,I"]
[Black "Potapov,A1"]
[Result "0-1"]
[WhiteElo "2456"]
[BlackElo "2500"]

1.e4 e5 2.Nf3 Nc6 3.Bb5 a6 4.Ba4 Nf6 5.O-O b5 6.Bb3 Bb7 7.d3 Bd6 8.a3 O-O
9.Nc3 h6 10.Ba2 Re8 11.h3 Bf8 12.Be3 b4 13.axb4 Nxb4 14.Bb3 d5 15.exd5 Nbxd5
16.Nxd5 Nxd5 17.Nd2 f5 18.Nc4 Rb8 19.Ba7 Ra8 20.Be3 Rc8 21.Qh5 Qf6 22.f4 exf4
23.Bxf4 Kh7 24.Bd2 g6 25.Qf3 Bc5+ 26.Kh1 Ba8 27.Qg3 Re2 28.Rae1 Rce8 29.Rxe2 Rxe2
30.Qf3 Re8 31.Qg3 Re2 32.Qf3 Qe7 33.Ne3 Rxd2 34.Nxd5 Qe5 35.Nf6+ Qxf6 36.Qxa8 h5
37.Qd5 Bd6 38.Re1 Kh6 39.Qg8 Qxb2 40.Qe6 Qd4 41.Qe8 Bc5 42.Qa8 Re2 43.Rf1 Bd6
44.Rg1 h4 45.Qd8 Qf4 46.Qh8+ Kg5  0-1

[Event "Lasker Autumn IM"]
[Site "Bucharest ROM"]
[Date "2001.10.14"]
[Round "2"]
[White "Tikhomirov,S"]
[Black "Grigore,N"]
[Result "1/2-1/2"]
[WhiteElo "2357"]
[BlackElo "2363"]

1.e4 e5 2.Nf3 Nc6 3.Bb5 a6 4.Ba4 Nf6 5.O-O b5 6.Bb3 Bb7 7.Nc3 Be7 8.d3 O-O
9.Bd2 d6 10.Nd5 Nd7 11.a4 bxa4 12.Bxa4 Nc5 13.Bxc6 Bxc6 14.Be3  1/2-1/2

[Event "Essent Open"]
[Site "Hoogeveen NED"]
[Date "2001.10.19"]
[Round "8"]
[White "Galkin,A"]
[Black "Van der Wiel,J"]
[Result "1/2-1/2"]
[WhiteElo "2583"]
[BlackElo "2495"]

1.e4 e5 2.Nf3 Nc6 3.Bb5 a6 4.Ba4 Nf6 5.O-O b5 6.Bb3 Bb7 7.d3 Be7 8.Nc3 d6
9.a3 O-O 10.Re1 Qd7 11.h3 Rae8 12.a4 b4 13.Nd5 Nxd5 14.Bxd5 Nd8 15.Bxb7 Nxb7
16.d4 exd4 17.Qxd4 a5 18.b3 Qc6  1/2-1/2

[Event "Copa Clarin"]
[Site "Villa Martelli ARG"]
[Date "2001.10.27"]
[Round "2"]
[White "Pierrot,F"]
[Black "Pedro,F"]
[Result "1-0"]
[WhiteElo "2427"]
[BlackElo "2128"]

1.e4 e5 2.Nf3 Nc6 3.Bb5 a6 4.Ba4 Nf6 5.O-O b5 6.Bb3 Bb7 7.c3 Be7 8.d4 d6
9.Re1 O-O 10.Nbd2 Re8 11.Nf1 Bf8 12.Ng3 g6 13.a3 Na5 14.Bc2 c5 15.b3 Qc7
16.d5 Bc8 17.h3 Bg7 18.Nh2 Qe7 19.Bd2 Nb7 20.b4 a5 21.Qe2 Bd7 22.Rf1 Rec8
23.Bd3 c4 24.Bc2 h5 25.Bg5 Qf8 26.Qd2 Nh7 27.Be3 Qe7 28.Ne2 f6 29.f4 Bh6
30.Nf3 Rf8 31.Nh4 Qg7 32.f5 Bxe3+ 33.Qxe3 g5 34.Ng6 Rf7 35.h4 Nf8 36.hxg5 Nxg6
37.fxg6 Qxg6 38.gxf6 axb4 39.axb4 Rxa1 40.Rxa1 Be8 41.Ng3 Rxf6 42.Nf5 Kh7
43.Qa7 Rf7 44.Qb8 Qg8 45.Ra8 Qg5 46.Qxe8 Qc1+ 47.Bd1  1-0

[Event "Chigorin Mem Open"]
[Site "St Petersburg RUS"]
[Date "2001.10.30"]
[Round "5"]
[White "Timagin,P"]
[Black "Ambrus,E"]
[Result "0-1"]
[WhiteElo "2297"]
[BlackElo "2400"]

1.e4 e5 2.Nf3 Nc6 3.Bb5 a6 4.Ba4 Nf6 5.O-O b5 6.Bb3 Bb7 7.Re1 Bc5 8.h3 d6
9.c3 Qe7 10.d3 h6 11.a4 O-O-O 12.axb5 axb5 13.Na3 g5 14.Nxb5 g4 15.hxg4 Nxg4
16.d4 Bb6 17.Bd5 Rdg8 18.Bxc6 Bxc6 19.Na7+ Bxa7 20.Rxa7 d5 21.exd5 Bxd5 22.dxe5 Qc5
23.Qd4 Qc6 24.Bf4 Bxf3 25.e6 Rd8 26.Qg7 Rhg8 27.Qxf7 Ne5 28.Rxc7+ Qxc7 29.Qxc7+ Kxc7
30.Bxe5+ Kc6 31.e7 Rde8 32.Bg3 Bd5 33.Re5 Rg7 34.b4 Rexe7 35.Rh5 Re6 36.c4 Re1+
37.Kh2 Bf7 38.Rc5+ Kd7 39.f3 Rc1 40.Rc7+ Kd8 41.c5 Rxg3 42.Rxf7 Rg6 43.Rf5 Rc2
44.b5 Rcxg2+  0-1

[Event "EuTCh"]
[Site "Leon ESP"]
[Date "2001.11.07"]
[Round "2"]
[White "Wedberg,T"]
[Black "Pavasovic,D"]
[Result "0-1"]
[WhiteElo "2529"]
[BlackElo "2526"]

1.e4 e5 2.Nf3 Nc6 3.Bb5 a6 4.Ba4 Nf6 5.O-O b5 6.Bb3 Bb7 7.Re1 Bc5 8.c3 d6
9.d4 Bb6 10.Be3 O-O 11.Nbd2 exd4 12.cxd4 Nb4 13.d5 Nd3 14.Re2 Bxe3 15.Rxe3 Nxf2
16.Kxf2 Ng4+ 17.Ke2 Nxe3 18.Kxe3 c6 19.Kf2 cxd5 20.exd5 Qb6+ 21.Kg3 Rae8
22.Qg1 Qxg1 23.Rxg1 a5 24.a3 Re3 25.Kf2 Rfe8 26.Re1 Rxe1 27.Nxe1 Kf8 28.Nc2 Rc8
29.Nd4 a4 30.Ba2 Rc1 31.Ne4 Ba6 32.Nc3 b4 33.axb4 a3 34.b5 Bb7 35.Ke3 axb2
36.Kd3 g6 37.Nc6 Ke8 38.Na5 Bc8 39.b6 Ba6+ 40.Kd2 Kd7 41.g3 Ra1 42.Kc2 b1=Q+
43.Bxb1 Rxa5 44.Kb3 f5 45.Kb4 Rc5 46.Bc2 Kc8 47.Ba4 Rc4+  0-1

[Event "EuTCh"]
[Site "Leon ESP"]
[Date "2001.11.11"]
[Round "6"]
[White "Navara,D"]
[Black "Mikhalchishin,A"]
[Result "1/2-1/2"]
[WhiteElo "2499"]
[BlackElo "2533"]

1.e4 e5 2.Nf3 Nc6 3.Bb5 a6 4.Ba4 Nf6 5.O-O b5 6.Bb3 Bb7 7.d3 Be7 8.Nc3 O-O
9.Bd2 d6 10.a4 Nd4 11.Nxd4 exd4 12.Nd5 Bxd5 13.Bxd5 Nxd5 14.exd5 Qd7 15.Re1 Bf6
16.b3 c5 17.axb5 axb5 18.Rxa8 Rxa8 19.Bf4 h6 20.h3 Ra2  1/2-1/2

[Event "Troll Masters"]
[Site "Gausdal NOR"]
[Date "2002.01.05"]
[Round "2"]
[White "Hansen,TR"]
[Black "Rause,O"]
[Result "0-1"]
[WhiteElo "2282"]
[BlackElo "2234"]

1.e4 e5 2.Nf3 Nc6 3.Bb5 a6 4.Ba4 Nf6 5.O-O b5 6.Bb3 Bb7 7.d3 Be7 8.a4 d6
9.c3 Na5 10.Ba2 c5 11.Na3 b4 12.Nc4 O-O 13.Bg5 Nxc4 14.Bxc4 a5 15.Qe2 Nd7
16.Be3 Nb6 17.Bb3 bxc3 18.bxc3 Bc6 19.Rfd1 Qc7 20.Qa2 Rad8 21.Rab1 d5 22.d4 exd4
23.cxd4 c4 24.Bc2 dxe4 25.Nd2 Bd5 26.Rb5 f5 27.g3 Bb4 28.Rc1 Kh8 29.Bd1 c3
30.Nb3 Bc4 31.Bf4 Qc6 32.Re5 Nd5 33.Bg5 Rd7 34.g4 h6 35.gxf5 hxg5 36.f3 e3
37.Qg2 Qh6 38.Bc2 Nf4 39.Qg4 Bd6 40.f6 Bxe5 41.Qxd7 Ne2+  0-1

[Event "ch-AUS"]
[Site "Melbourne AUS"]
[Date "2002.01.09"]
[Round "11"]
[White "Canfell,G"]
[Black "Solomon,SJ"]
[Result "1-0"]
[WhiteElo "2284"]
[BlackElo "2385"]

1.e4 e5 2.Nf3 Nc6 3.Bb5 a6 4.Ba4 Nf6 5.O-O b5 6.Bb3 Bb7 7.Re1 Bc5 8.c3 d6
9.d4 Bb6 10.Bg5 h6 11.Bh4 g5 12.Bg3 Qe7 13.a4 Nxe4 14.Rxe4 f5 15.Re1 O-O-O
16.axb5 axb5 17.Bd5 f4 18.Qb3 fxg3 19.hxg3 Rhf8 20.Qxb5 Qd7 21.Na3 g4 22.Nd2 exd4
23.Nac4 Kb8 24.Nxb6 cxb6 25.Nc4 Qc7 26.Nxb6 Na7 27.Rxa7 Kxa7 28.Ra1+ Kb8
29.Ra8+ Bxa8 30.Nxa8+  1-0

[Event "TCh-CZE 2001-2"]
[Site "CZE"]
[Date "2002.01.13"]
[Round "7"]
[White "Votava,J"]
[Black "Zvara,P"]
[Result "1/2-1/2"]
[WhiteElo "2515"]
[BlackElo "2351"]

1.e4 e5 2.Nf3 Nc6 3.Bb5 a6 4.Ba4 Nf6 5.O-O b5 6.Bb3 Bb7 7.Re1 Bc5 8.c3 d6
9.d3 h6 10.Nbd2 O-O 11.Nf1 Re8 12.Ng3 Qd7 13.a4 Rad8 14.d4 Bb6 15.axb5 axb5
16.Bxh6 gxh6 17.Qd2 Qg4 18.Qxh6 Qg7 19.Qc1 Bc8 20.Ng5 Rf8 21.Ra8 Bd7 22.Rxd8 Nxd8
23.Rd1 Ne6 24.Bxe6 fxe6 25.h3 Qh6 26.Rd3 Nh7 27.Ne2 Nxg5 28.Rg3 Kh7 29.Rxg5 Rg8
30.Rxg8 Qxc1+ 31.Nxc1 Kxg8 32.dxe5 dxe5 33.Nd3 Bc6 34.Nxe5 Bxe4 35.Nd7 Kf7
36.Nxb6 cxb6 37.f3 Bc2 38.Kf2 Kf6 39.f4 Be4 40.g4 Ke7 41.Ke3 Bc2 42.Kf3 Kd6
43.h4 Bd1+ 44.Kg3 Be2 45.h5 Ke7 46.Kh4 Kf6 47.Kg3 Bd1 48.Kh4 Bf3 49.Kg3 Be2
50.Kh4 Bd1 51.Kg3 e5 52.h6 exf4+ 53.Kxf4 Bc2 54.Ke3 Ke5 55.Kf3 Bg6 56.Kg3 Ke4
57.Kh3 Kf3 58.Kh4 Kf4 59.Kh3 Kg5 60.Kg3 Be4 61.Kf2 Kf4 62.Ke2 Bh7 63.Kd2 Kxg4
64.c4 Kf4 65.Kc3 Ke5 66.Kb4 bxc4 67.Kb5 Kd5 68.Kxb6 Bd3 69.Kc7 Kc5 70.Kd7 Bh7
71.Kc7 Bg8 72.Kb7 Bd5+ 73.Kb8 Be4 74.Kc7 Bc2 75.Kb7 Kb4 76.Kc6 Bh7 77.Kd5 Kb5
78.Kd4 Kb4 79.Kd5 Bc2 80.Kd4 Bg6 81.Kd5 Bh7 82.Kc6 Bg8 83.Kb6 Kb3 84.Kb5 Bh7
85.Kc5 Bd3 86.Kd5 Kb4 87.Kd4 Bg6 88.Kd5 Bf7+ 89.Kc6 Bg8 90.Kb6 Bh7  1/2-1/2

[Event "39th BPCL ch-IND"]
[Site "Nagpur IND"]
[Date "2002.01.23"]
[Round "8"]
[White "Ramesh,R"]
[Black "Gokhale,C"]
[Result "0-1"]
[WhiteElo "2480"]
[BlackElo "2407"]

1.e4 e5 2.Nf3 Nc6 3.Bb5 a6 4.Ba4 Nf6 5.O-O b5 6.Bb3 Bb7 7.Re1 Bc5 8.c3 d6
9.d4 Bb6 10.Be3 O-O 11.Nbd2 Re8 12.Qb1 h6 13.h3 Nb8 14.Bc2 Nbd7 15.b3 Nf8
16.a4 Nh5 17.Bd3 c6 18.Qd1 Ng6 19.Qc2 Nhf4 20.Bf1 Ne6 21.Rad1 Bc7 22.b4 Qf6
23.dxe5 dxe5 24.g3 Rad8 25.Bg2 Bc8 26.Nb3 Rxd1 27.Rxd1 Rd8 28.Ra1 Rd6 29.axb5 cxb5
30.Nfd2 Bb6 31.Bxb6 Rxb6 32.h4 Rc6 33.Qd3 Ngf4 34.Qf1 Nxg2 35.Kxg2 Rxc3 36.Rc1 Rxc1
37.Qxc1 Bb7 38.Qc3 Kh7 39.f3 g5 40.h5 Ng7 41.Na5 Qe7 42.Nxb7 Qxb7 43.Qxe5 Nxh5
44.Nb3 Qd7 45.Qd5 Qc7 46.e5 Qc2+ 47.Kh3 Qf5+ 48.Kg2 Qf4 49.Qe4+ Qxe4 50.fxe4 Ng7
51.Nc5 Ne6 52.Nxa6 Kg7 53.Nb8 Kf8 54.Nd7+ Ke7 55.Nf6 Nd4 56.Ng8+ Ke6 57.Nxh6 Nc6
58.Nf5 Kxe5 59.Nh6 f6 60.Ng4+ Ke6  0-1

[Event "Open"]
[Site "Antalya TUR"]
[Date "2002.02.02"]
[Round "9"]
[White "Georgiev,Kr"]
[Black "Sideif Sade,F"]
[Result "0-1"]
[WhiteElo "2513"]
[BlackElo "2405"]

1.e4 e5 2.Nf3 Nc6 3.Bb5 a6 4.Ba4 Nf6 5.O-O b5 6.Bb3 Bb7 7.Re1 Bc5 8.c3 d6
9.d4 Bb6 10.Bg5 h6 11.Bh4 O-O 12.Qd3 Re8 13.Nbd2 g5 14.Bg3 Nh5 15.a4 Qf6
16.d5 Na5 17.Rf1 Nxg3 18.hxg3 Nxb3 19.Nxb3 bxa4 20.Rxa4 a5 21.Raa1 Reb8 22.Nbd2 Bc8
23.Qc2 Bc5 24.c4 Bd7 25.Ne1 a4 26.Nd3 Bd4 27.Ra2 g4 28.b4 h5 29.Re1 Rxb4
30.Nf3 Rb7 31.Nxd4 exd4 32.Nf4 Qe5 33.c5 Bb5 34.c6 Rb6 35.Ra3 Kg7 36.Qd1 Kf8  0-1

[Event "Aeroflot Open"]
[Site "Moscow RUS"]
[Date "2002.02.07"]
[Round "4"]
[White "Kovalevskaya,E"]
[Black "Kaidanov,G"]
[Result "0-1"]
[WhiteElo "2462"]
[BlackElo "2596"]

1.e4 e5 2.Nf3 Nc6 3.Bb5 a6 4.Ba4 Nf6 5.O-O b5 6.Bb3 Bb7 7.d3 Be7 8.c4 bxc4
9.Bxc4 O-O 10.Nc3 d6 11.a3 Nd4 12.Ba2 a5 13.Nxd4 exd4 14.Ne2 c5 15.f4 d5
16.e5 Nd7 17.Qe1 Kh8 18.Qg3 Ra6 19.Qf3 f6 20.exf6 Raxf6 21.Ng3 c4 22.dxc4 Ne5
23.Qe2 Nxc4 24.Bb1 Bc5 25.Bd3 Rh6 26.b4 Ba7 27.Qg4 Ne3 28.Bxe3 dxe3 29.Ne2 Ba6
30.b5 Bc8 31.Qg5 Rhf6 32.Rac1 Bb7 33.a4 Bb6 34.Qh4 h6 35.Qh5 Qd6 36.Kh1 Qa3
37.Rfd1 Qxa4 38.f5 Qb4 39.Rf1 g5 40.Rb1 Qa3 41.Rbd1 Qe7 42.h4 Rg8 43.hxg5 Rxg5
44.Qh3 Bc7 45.Nf4 Bxf4 46.Rxf4 d4 47.Rg4 Qg7 48.Rxg5 Qxg5 49.Qh2 Bxg2+  0-1

[Event "Aeroflot Open"]
[Site "Moscow RUS"]
[Date "2002.02.09"]
[Round "8"]
[White "Yemelin,V"]
[Black "Kaidanov,G"]
[Result "0-1"]
[WhiteElo "2522"]
[BlackElo "2596"]

1.e4 e5 2.Nf3 Nc6 3.Bb5 a6 4.Ba4 Nf6 5.O-O b5 6.Bb3 Bb7 7.Re1 Bc5 8.c3 d6
9.d4 Bb6 10.Be3 O-O 11.Nbd2 h6 12.d5 Ne7 13.Bxb6 cxb6 14.Nf1 Bc8 15.Bc2 Ne8
16.Ne3 Ra7 17.Qd3 g6 18.Nd2 f5 19.exf5 gxf5 20.g3 Ng6 21.Ng2 Rg7 22.Kh1 Nf6
23.f4 exf4 24.Nxf4 Nxf4 25.gxf4 Ng4 26.Re2 Qh4 27.Qd4 Kh7 28.Rg1 Rfg8 29.Rf1 Re8
30.Rg2 Rge7 31.Rfg1 Re2 32.Nf1 Rxg2 33.Rxg2 Re1 34.Kg1 Qh3 35.Qd2 Ne3  0-1

[Event "XVIII Open"]
[Site "Cappelle la Grande FRA"]
[Date "2002.02.16"]
[Round "8"]
[White "Petrov,M"]
[Black "Kniest,O"]
[Result "1-0"]
[WhiteElo "2476"]
[BlackElo "2312"]

1.e4 e5 2.Nf3 Nc6 3.Bb5 a6 4.Ba4 Nf6 5.O-O b5 6.Bb3 Bb7 7.d3 Bc5 8.a4 O-O
9.Nc3 b4 10.Nd5 h6 11.a5 d6 12.c3 bxc3 13.bxc3 Nxd5 14.Bxd5 Rb8 15.d4 Ba7
16.Qa4 Qe8 17.Rb1 Nd8 18.Qxe8 Rxe8 19.dxe5 dxe5 20.Be3 Bxd5 21.exd5 Ra8 22.Bxa7 Rxa7
23.Rb8 f6 24.Rfb1 Kf7 25.c4 Ke7 26.Nh4 Nf7 27.Nf5+ Kd7 28.c5 Rc8 29.Rxc8 Kxc8
30.Ne7+ Kd7 31.Nc6 Ra8 32.Rb8 Rxb8 33.Nxb8+ Kc8 34.Nxa6 c6 35.d6 Nd8 36.Nc7 Kb7
37.g4 g6 38.Kg2 Ka7 39.a6 Kb8 40.h4 Ka7 41.Kf3  1-0